000 00586nam a2200205 a 4500
005 20250620063857.0
008 010918s1990 r 000 0 eng d
020 _a1559382562
035 _aUPN01000111712
049 _aCG
050 4 _aLB1060.2
_bB4.3
245 0 0 _aBehavior modification in special education /
_ced. Ennio Cipani.
260 _aLondon :
_bJAI,
_c1990.
300 _a2 v.
440 0 _aAdvances in special education ;
_v7
650 2 _aModificación de la conducta
_99956
650 4 _aEducación especial
_93029
700 1 _aCipani, Ennio,
_eed.
905 _aLibro
999 _c85620
_d85620